000 00571nam a22001697a 4500
999 _c20907
_d20907
003 OSt
005 20240827144003.0
008 240827b ||||| |||| 00| 0 eng d
040 _c0
082 _aDPer 379.1 J826 Winter-Spring 2021 v. 46, n. 3-4
100 _aVesely, Randall S.
_eauthor.
_959009
245 _aOhio /
_cRandall S. Vesely.
260 _aIllinois, United States;
_bUniversity of Illinois Press and Johns Hopkins University Press,
_cWinter 2021.
300 _aVolume 46, pages 337-339.
700 _aVesely, Randall S.
_eauthor.
_959009
942 _2ddc
_cPER